00901 2200313 4500001002100000005001700021020002200038035002400060040001200084082001700096084002000113090002100133100002400154245012500178260003900303300003100342500001100373650002000384650001800404700002100422700002000443700002100463700001600484850001200500990001700512990001800529990001800547990002200565YOGYA00000000003284220170724094033.0 a978-602-8227-31-5 0010-081400000032560 aYOPDYOG042[23]a546.03 aPK 546.03 Ind E aDEP 546.03 Ind E1 aINDONESIANTO, Yanto1 aEnsiklopedia Tembagac/ Yanto Indonesianto, Dwi Zaini Arifin, Chandra Ibrahim; penyunting, Arum P. Mayasari, Nur'aini W. aYogyakartabCitra Aji Paramac2010 a48 hlm.b: ilus.c; 25 cm. aIndeks 4aLogam, Industri 4aHasil tambang0 aDWI ZAINI ARIFIN0 aCHANDRA IBRAHIM0 aARUM P. MAYASARI0 aNUR'AINI W. aYOPDYOG a2046-PK/B-10 a48887-PD/B.09 a48888-PD/B.09 aCB-D.11/2010-2503